000
00316nam a2200133Ia 4500
005
20251222155158.0
008
251222s9999||||xx |||||||||||||| ||spa||
082
_a
ETI. 29
100
_a
GALLO Francisco.
245
0
_a
Relaciones Humanas Aplicadas
250
_a
1ra. ed.
264
_b
Edic. Paulinas
942
_c
LIB
999
_c
39841
_d
39841